Wert Analyse <Die> Antwort auf KAIZEN
Na minha lista:
| Autor principal: | |
|---|---|
| Formato: | Livro |
| Idioma: | alemão |
| Publicado em: |
München
Langen
1993
|
| Edição: | 2. durchgeseh. und überarb. Aufl. |
| Assuntos: | |
| Tags: |
Sem tags, seja o primeiro a adicionar uma tag!
|
MARC
| LEADER | 00000nam a2200000 4500 | ||
|---|---|---|---|
| 001 | c002802 | ||
| 005 | 20221206075230.1 | ||
| 020 | |a 3-7844-7303-2 | ||
| 041 | 0 | |a ger | |
| 044 | |a DE | ||
| 245 | 1 | 0 | |a Wert Analyse |b <Die> Antwort auf KAIZEN |c Heinz J. Hoffmann |
| 250 | |a 2. durchgeseh. und überarb. Aufl. | ||
| 264 | 1 | |a München |b Langen |c 1993 | |
| 300 | |a 206 s. | ||
| 610 | 2 | 0 | |a analýza hodnotová |
| 610 | 2 | 0 | |a pojmy |
| 610 | 2 | 0 | |a KAIZEN |
| 610 | 2 | 0 | |a výroba |
| 610 | 2 | 0 | |a náklady |
| 610 | 2 | 0 | |a organizácia |
| 610 | 2 | 0 | |a práca tímová |
| 610 | 2 | 0 | |a metóda input-output |
| 610 | 2 | 0 | |a prognózy |
| 100 | 1 | |a Hoffmann, Heinz J. | |